Clash royale electric cards - Statistics

General Stats
  • This quiz has been taken 19 times
  • The average score is 9 of 10
Answer Stats
Hint Answer % Correct
Troop Electro wizard
100%
Champion Goblinstein
100%
Spell Zap
100%
Troop Electro dragon
93%
Spell Lightning
93%
Building Tesla
93%
Troop Electro giant
87%
Troop Electro spirit
87%
Troop Sparky
73%
Troop Zappies
73%
No matching quizzes found
Score Distribution
Percent of People with Each Score
Percentile by Number Answered
Your Score History
You have not taken this quiz